000 01206cam a22003257a 4500
003 CHAP
005 20220329142008.0
008 981204d1998 mx r 00110 spa d
010 _a76797
011 _a77769
035 _a87454
040 _cCHAP
090 _aTesis
100 0 0 _aGómez Córdova, José Alberto.
_949653
245 1 0 _aSituación de la ganadería bovina en México después de la crisis de 1995
_c/por José Alberto Gómez Córdova
260 _aChapingo, Méx. :
_bEl autor,
_c1998.
300 _a96 h. :
_bgráfs. ; tablas
502 _aTesis (Lic. en Comercio Internacional de Productos Agropecuarios)-- UACH. División de Ciencias Económico Administrativas
590 _aALEPH
_b10
_c20130110
_lUCH01
_h1426
590 _aBATCH-UPD
_b10
_c20130110
_lUCH01
_h0407
590 _aBATCH-UPD
_b10
_c20130410
_lUCH01
_h0041
590 _aBATCH-UPD
_b10
_c20130914
_lUCH01
_h1501
590 _aCONVERSION
_b10
_c20130109
_lUCH01
_h1342
650 1 4 _aGanadería
_xAspectos económicos
_xMéxico.
_944636
901 _aBK
905 _aAlejandra Carrasco M.
942 _cFOLL
949 _bBC
_cTES
_d33724000707154
_eTS2
_fc.2
_h33289
_i87454
_si
949 _bBC
_cTES
_d874541
_eTS1
_h33288
_i87454
_sb
999 _c76797
_d76797